| 000 | 00383nam a2200157Ia 4500 | ||
|---|---|---|---|
| 008 | 230312s9999||||xx |||||||||||||| ||und|| | ||
| 020 | _a81-297-0357-2 | ||
| 082 |
_a510.1 _bMIL |
||
| 100 | _aMiller, irwin | ||
| 245 | 0 | _aMathematical Statistics | |
| 260 |
_bPearson Education _aNew Dehli _c2004 |
||
| 300 | _a614 | ||
| 546 | _aEng. | ||
| 650 |
_aAccounting _vProbablity |
||
| 942 | _cBK | ||
| 999 |
_c2060 _d2060 |
||